[Event "TUR-chT2"]
[Site "Konya"]
[Date "2018.07.12"]
[Round "4.7"]
[White "Ozgur, Tugce"]
[Black "Sarac, Ayca"]
[Result "1-0"]
[WhiteElo "1171"]
[BlackElo "1215"]
[PlyCount "75"]
[EventDate "2018.07.10"]
[EventType "team-swiss"]
[EventRounds "9"]
[EventCountry "TUR"]
[SourceTitle "EXT 2019"]
[Source "ChessBase"]
[SourceDate "2018.10.10"]
[SourceVersion "1"]
[SourceVersionDate "2018.10.10"]
[SourceQuality "1"]
[WhiteTeam "Bursa Uludag"]
[BlackTeam "Samsun Genclik"]
[WhiteTeamCountry "TUR"]
[BlackTeamCountry "TUR"]

1. e4 c6 2. Nf3 d5 3. Nc3 dxe4 4. Nxe4 Bg4 5. Bc4 e6 6. 0-0 Nd7 7. d4 Ngf6 8. Ng3 Bd6 9. h3 Bxh3 10. gxh3 h6 11. Re1 Qc7 12. Nf5 0-0-0 13. Nxd6+ Qxd6 14. Qd3 g5 15. Ne5 Rdf8 16. Nxd7 Kxd7 17. c3 g4 18. hxg4 Nxg4 19. Qg3 Qe7 20. Kf1 Rfg8 21. Qh3 Qf6 22. Be3 Rg6 23. Be2 Nxe3+ 24. Qxe3 Rhg8 25. Bf3 Rg5 26. Ke2 h5 27. Rh1 Qg6 28. Qe4 Qh6 29. Qh4 Rh8 30. Rag1 Rf5 31. Rg3 e5 32. Bg4 hxg4 33. Qxh6 Rxh6 34. Rxh6 exd4 35. cxd4 Rg5 36. Rh4 f5 37. Kd3 Rg7 38. f3 1-0

[Event "TUR-chT2"]
[Site "Konya"]
[Date "2018.07.11"]
[Round "2.10"]
[White "Ozgur, Tugce"]
[Black "Koc, Azra Ece"]
[Result "0-1"]
[WhiteElo "1171"]
[BlackElo "1552"]
[PlyCount "70"]
[EventDate "2018.07.10"]
[EventType "team-swiss"]
[EventRounds "9"]
[EventCountry "TUR"]
[SourceTitle "EXT 2019"]
[Source "ChessBase"]
[SourceDate "2018.10.10"]
[SourceVersion "1"]
[SourceVersionDate "2018.10.10"]
[SourceQuality "1"]
[WhiteTeam "Bursa Uludag"]
[BlackTeam "Yalova Beyaz Fil"]
[WhiteTeamCountry "TUR"]
[BlackTeamCountry "TUR"]

1. e4 c5 2. Nc3 Nc6 3. g3 g6 4. d3 Bg7 5. Nge2 d6 6. Be3 Nd4 7. Qd2 Nf3+ 8. Kd1 Nxd2 9. Kxd2 Nf6 10. f3 Rb8 11. a4 a6 12. b3 b5 13. a5 b4 14. Nd1 Nxe4+ 15. fxe4 Bxa1 16. Nc1 Qxa5 17. h4 h5 18. Rh2 Bg4 19. Be2 Bxe2 20. Kxe2 Bd4 21. Bf4 Qb5 22. Kf1 Qd7 23. Kg2 Qg4 24. Rh1 f6 25. Nf2 Bxf2 26. Kxf2 g5 27. Bd2 gxh4 28. Rxh4 Qd1 29. Be3 Qxc2+ 30. Kf3 Qd1+ 31. Kf2 Kd7 32. Bf4 a5 33. Kg2 a4 34. bxa4 b3 35. Rh1 Qc2+ 0-1